000 01241nam0a22003011 4500
001 v19\rc\1340845
005 20250618072651.0
035 _a(NLR Aleph) 004489370
090 _a4642535
_c4642535
100 _a20060512e18581858|||y0rusy50 ca
101 0 _arus
102 _aRU
105 _ay z ||||b
200 1 _aГаспар Монж
_eБиогр., чит. Араго в публ. заседании Париж. акад. наук
210 _a[Санкт-Петербург
_d1858]
215 _a84 с.
_d23
311 _aИз "Журн. М-ва нар. прос.". 1858. № 6 Ч. 98. Отд. 5. С. 41-124
488 0 _12001#$aЖурнал Министерства народного просвещения$v1858, № 6, ч. 98, отд. 5
_1215##$aС. 41-124
_tЖурнал Министерства народного просвещения
700 1 _aАраго
_bД.Ф.
_f1786-1853
_gДоминик Франсуа
702 1 _4570
_7ca
_8rus
_aМонж
_bГ.
_f1746-1818
_gГаспар
_9173302
_3RU\NLR\AUTH\770173353
801 0 _aRU
_bNLR
_gpsbo
801 0 _aRU
_bRuMoRGB
_2psbo
801 1 _aRU
_bProSoft-M
_2rusmarc
852 _aNLR
_j18.51.3.266(6)
899 _aНБ СПбГУ
942 _cBOOK
980 _aNB